Исследование влияния электроннолучевой сварки на формирование структуры и свойств сварного соединения сталей 36НХТЮ и 12X18H10T; Перспективные материалы с иерархической структурой для новых технологий и надежных конструкций

Bibliografiske detaljer
Parent link:Перспективные материалы с иерархической структурой для новых технологий и надежных конструкций.— 2017.— [С. 529-530]
Corporate Authors: Национальный исследовательский Томский политехнический университет (ТПУ) Институт неразрушающего контроля (ИНК) Кафедра оборудования и технологии сварочного производства (ОТСП), Национальный исследовательский Томский политехнический университет (ТПУ) Институт природных ресурсов (ИПР) Кафедра физической и аналитической химии (ФАХ)
Andre forfattere: Фадеев Т. В., Квеглис Л. И., Хайдарова А. А. Анна Александровна, Шабанов А. В., Абкарян А. К., Короткова Е. И. Елена Ивановна
Summary:Заглавие с экрана
Sprog:russisk
Udgivet: 2017
Serier:Сварка, родственные процессы и технологии для создания технических систем ответственного и специального назначения, в том числе для эксплуатации в экстремальных условиях и низких климатических температур Арктики и Крайнего Севера
Fag:
Online adgang:http://www.ispms.ru/files/Conference/2017_m/sb_tez_2017.pdf#page=530
Format: MixedMaterials Electronisk Book Chapter
KOHA link:https://koha.lib.tpu.ru/cgi-bin/koha/opac-detail.pl?biblionumber=657058

MARC

LEADER 00000nla2a2200000 4500
001 657058
005 20240219104636.0
035 |a (RuTPU)RU\TPU\network\23538 
035 |a RU\TPU\network\23537 
090 |a 657058 
100 |a 20171226d2017 k y0rusy50 ca 
101 0 |a rus 
102 |a RU 
105 |a a z 101zy 
135 |a drgn ---uucaa 
181 0 |a i  
182 0 |a b 
200 1 |a Исследование влияния электроннолучевой сварки на формирование структуры и свойств сварного соединения сталей 36НХТЮ и 12X18H10T  |f Т. В. Фадеев [и др.] 
203 |a Текст  |c электронный 
225 1 |a Сварка, родственные процессы и технологии для создания технических систем ответственного и специального назначения, в том числе для эксплуатации в экстремальных условиях и низких климатических температур Арктики и Крайнего Севера 
300 |a Заглавие с экрана 
463 1 |0 (RuTPU)RU\TPU\network\23304  |t Перспективные материалы с иерархической структурой для новых технологий и надежных конструкций  |o тезисы докладов Международной конференции, 9-13 октября 2017 г., Томск  |f Российская академия наук (РАН), Сибирское отделение (СО), Институт физики прочности и материаловедения (ИФПМ)  |v [С. 529-530]  |d 2017 
610 1 |a электронный ресурс 
610 1 |a труды учёных ТПУ 
610 1 |a электроннолучевая сварка 
610 1 |a структуры 
610 1 |a свойства 
610 1 |a сварные соединения 
610 1 |a стали 
610 1 |a 36НХТЮ 
610 1 |a 12X18H10T 
610 1 |a чувствительные элементы 
610 1 |a теплотехнический контроль 
701 1 |a Фадеев  |b Т. В. 
701 1 |a Квеглис  |b Л. И. 
701 1 |a Хайдарова  |b А. А.  |c специалист в области сварочного производства  |c доцент Томского политехнического университета, кандидат технических наук  |f 1982-  |g Анна Александровна  |3 (RuTPU)RU\TPU\pers\29433  |9 13986 
701 1 |a Шабанов  |b А. В. 
701 1 |a Абкарян  |b А. К. 
701 1 |a Короткова  |b Е. И.  |c химик  |c профессор Томского политехнического университета, доктор химических наук  |f 1965-  |g Елена Ивановна  |3 (RuTPU)RU\TPU\pers\27109  |9 12659 
712 0 2 |a Национальный исследовательский Томский политехнический университет (ТПУ)  |b Институт неразрушающего контроля (ИНК)  |b Кафедра оборудования и технологии сварочного производства (ОТСП)  |3 (RuTPU)RU\TPU\col\18708 
712 0 2 |a Национальный исследовательский Томский политехнический университет (ТПУ)  |b Институт природных ресурсов (ИПР)  |b Кафедра физической и аналитической химии (ФАХ)  |3 (RuTPU)RU\TPU\col\18656 
801 1 |a RU  |b 63413507  |c 20101016 
801 2 |a RU  |b 63413507  |c 20171226  |g RCR 
856 4 |u http://www.ispms.ru/files/Conference/2017_m/sb_tez_2017.pdf#page=530 
942 |c CF